Loading...
| History - American History | 1 | 2 | 2 | 0 | 25 | 63 | 73.33 | 1 | 3 |
| Science - Biology | 0 | 3 | 1 | 2 | 25 | 120 | 121.33 | 1 | 3 |
| Science - Chemistry | 0 | 2 | 0 | 0 | 20 | 92 | 99.00 | 0 | 2 |
| Science - Physics | 1 | 0 | 0 | 0 | 15 | 65 | 65.00 | 0 | 1 |
| Auditory Arts | 0 | 1 | 0 | 1 | 10 | 136 | 136.00 | 0 | 1 |
| Beliefs | 0 | 1 | 0 | 0 | 10 | 103 | 103.00 | 0 | 1 |
| Current Events | 0 | 1 | 0 | 0 | 10 | 70 | 70.00 | 0 | 1 |
| History - Other History | 0 | 1 | 0 | 0 | 10 | 108 | 108.00 | 0 | 1 |
| Science - Other Science | 0 | 1 | 0 | 0 | 10 | 73 | 73.00 | 1 | 1 |
| History - World History | 0 | 1 | 1 | 1 | 5 | 123 | 123.00 | 0 | 1 |
| History - European History | 0 | 1 | 2 | 0 | 0 | 68 | 68.00 | 0 | 1 |
| Social Science | 0 | 0 | 1 | 0 | -5 | 0.00 | 0 | 0 | |
| Geography | 0 | 0 | 1 | 0 | -5 | 0.00 | 0 | 0 |